[Event "U14  EU Youth Champions"]
[Site "Mureck, Kulturzentrum"]
[Date "2018.08.04"]
[Round "4.1"]
[White "Szilagyi, Norbert"]
[Black "Colbow, Collin"]
[Result "1/2-1/2"]
[WhiteElo "2069"]
[BlackElo "2136"]
[Annotator "Matthias Krallmann"]
[PlyCount "88"]
[EventDate "2018.08.01"]
[EventRounds "9"]
[EventCountry "AUT"]

1. d4 Nf6 2. Nf3 e6 3. g3 d5 4. Bg2 Be7 5. O-O O-O 6. c4 dxc4 7. Qc2 Bd7 8. Ne5
Nc6 9. Nxd7 $6 {Ein unlogischer Zug. Weiß hat drei Tempi investiert um seinen
Springer gegen den gegnerischen Läufer zu tauschen.} (9. Qxc4 Nxe5 10. dxe5
Nd5 11. Bxd5 (11. Qg4 $1 f5 (11... Kh8 12. Rd1 $14) 12. exf6 Bxf6 13. Nc3 c6 (
13... Nxc3 14. bxc3 Bxc3 15. Rb1 $16) 14. Qc4 Be8 15. Ne4 $14) 11... b5 12. Qd3
exd5 13. Qxd5 Bh3 14. Qxd8 Rfxd8 15. Re1 Rd5 16. Bf4 Bb4 17. Nc3 Bxc3 18. bxc3
a5 19. f3 Be6 20. Kf2 h6 21. h4 Ra6 22. Rec1 Rc6 23. a4 Rdc5 24. Be3 Rxc3 25.
Rxc3 Rxc3 26. axb5 Rc2 27. Rxa5 {1/2-1/2 (27) Milchev,N (2348)-Ivanovic,B 
(2437) Bar 2007}) 9... Qxd7 10. e3 b5 {Schwarz ist besser entwickelt als Weiß
und kann es sich erlauben den Mehrbauern zu verteidigen.} 11. a4 a6 {[#]} 12.
Nc3 $6 {Nach diesem schwachen Zug sieht Weiß den Bauern nicht wieder. Weiß
hätte unbedingt die wackelige Stellung des Sc6 ausntzen müssen.} (12. b3 $1
Nb4 13. Qe2 Rac8 14. axb5 axb5 15. bxc4 $11) 12... Rab8 13. Rd1 Nb4 14. Qe2 Nd3
15. axb5 axb5 16. Ra6 {[#]} b4 (16... c5 $1 {Dieser typische Gegenschlag im
Zentrum hätte Schwarz klaren Vorteil beschert.} 17. dxc5 Bxc5 18. b3 Rfd8 $17)
17. Ne4 Nd5 18. Nd2 Qb5 19. Ra7 c3 20. Nb3 cxb2 21. Bxb2 Nxb2 22. Qxb2 Ra8 23.
Rda1 Rxa7 24. Rxa7 Qb6 25. Ra5 (25. Qa1 Rb8 26. Bxd5 exd5 27. Qa5 $11) 25...
Nc3 26. Bf3 Nb5 27. Qe2 Nd6 28. Ra6 Qb5 29. Qxb5 Nxb5 30. Bc6 Na3 31. Ra7 Bd6
32. Kf1 Nc4 33. Ke2 e5 34. Kd3 Nb6 35. Ra5 exd4 36. Nxd4 (36. e4 f6 37. f4 Be7
38. Ra7 Bd6 39. Nxd4 Rd8 40. Ne6 Rb8 41. Nd4 Rd8 $11) 36... Nc8 (36... Rd8 37.
Ra7 g6 38. Kc2 Kg7 39. Kb3 Be5 $15) 37. Ra8 Ne7 38. Rxf8+ Kxf8 39. Kc4 h6 40.
f4 Nc8 (40... Nxc6 41. Nxc6 Bc5 42. e4 Bg1 43. h3 Bh2 44. g4 Bxf4 45. Nxb4 g6
$15) 41. e4 Nb6+ 42. Kb5 g6 43. e5 Be7 44. Be4 Ke8 1/2-1/2

[Event "U14  EU Youth Champions"]
[Site "?"]
[Date "2018.08.05"]
[Round "5"]
[White "Colbow, Collin"]
[Black "Stern, Urban"]
[Result "1/2-1/2"]
[WhiteElo "2136"]
[BlackElo "1675"]
[Annotator "Colbow"]
[PlyCount "63"]
[EventDate "2018.??.??"]

1. e4 c5 2. Nf3 Nc6 3. d4 cxd4 4. Nxd4 e5 5. Nb5 a6 6. Nd6+ Bxd6 7. Qxd6 Qf6 8.
Qd1 (8. Qxf6 Nxf6 9. Nc3 Nb4 10. Bd3 Nxd3+ 11. cxd3) 8... Qg6 9. Nc3 Nge7 10.
Be3 d5 11. Nxd5 (11. exd5 Nb4 12. Bd3 Nxd3+ 13. Qxd3 Qxd3 14. cxd3 Bf5 15. Bb6
$14) 11... Nxd5 12. Qxd5 Be6 13. Qc5 Qxe4 14. Bd3 Qb4+ (14... Qxg2 15. O-O-O
Qd5 16. Qb6) 15. c3 Qxc5 16. Bxc5 O-O-O 17. Be2 Kc7 18. b4 Rd7 19. Be3 (19. a4
b6 (19... Ne7) 20. Be3 a5 $14) 19... Ne7 20. a4 Nd5 21. Bd2 Rhd8 22. O-O-O Nb6
23. a5 Nc4 (23... Na4 24. Bg5 f6 25. Rxd7+ Rxd7 26. Bd2 $11) 24. Bxc4 (24. Be3
Nxe3 25. fxe3 b5) 24... Bxc4 25. Be3 Rxd1+ 26. Rxd1 Rxd1+ 27. Kxd1 Kc6 28. Kd2
Kd5 29. f3 f5 30. g3 g6 31. Bh6 e4 32. f4 1/2-1/2

[Event "U14  EU Youth Champions"]
[Site "?"]
[Date "2018.08.07"]
[Round "7"]
[White "Colbow, Collin"]
[Black "Schernthaner, David"]
[Result "1/2-1/2"]
[WhiteElo "2136"]
[BlackElo "1991"]
[Annotator "Colbow"]
[PlyCount "99"]
[EventDate "2018.??.??"]

1. e4 c5 2. Nf3 d6 3. d4 cxd4 4. Nxd4 Nf6 5. Nc3 g6 6. Be3 Bg7 7. f3 O-O 8. Qd2
Nc6 9. g4 Be6 10. Nxe6 fxe6 11. O-O-O Ne5 12. Be2 Qc8 13. h4 Nfd7 14. h5 Nc4
15. Bxc4 Qxc4 16. hxg6 hxg6 17. f4 Bxc3 18. bxc3 Qxa2 19. Qh2 Kf7 20. Qh7+ Ke8
21. e5 dxe5 22. Qxg6+ Kd8 23. Qd3 Qa1+ 24. Kd2 Qa6 25. fxe5 Qxd3+ 26. Kxd3 Kc7
(26... Nxe5+ 27. Ke4+ Nd7 28. Rh6 Rc8 29. Rxe6 Rxc3 30. Bxa7 Rxc2) 27. Ke4 Rg8
28. g5 Nf8 29. Rd4 b5 $6 (29... b6 $11) 30. Rb4 a6 31. c4 Kc6 $4 (31... Ng6 32.
cxb5 axb5 33. Rxb5 Ra4+ 34. Bd4 Rf8 35. c3 Rf4+ 36. Kd3 Rg4 $11) 32. Rhb1 $4 (
32. Ra1 Nh7 33. Rxa6+ Rxa6 34. cxb5+ Kb7 35. bxa6+ Kxa6 36. Rb6+ Ka5 37. Rxe6
Nxg5+ 38. Bxg5 Rxg5 39. Rxe7 $18) 32... Nh7 $2 (32... Rh8 33. cxb5+ axb5 34.
Rxb5 Ra4+ 35. Kd3 Nd7 $11) 33. cxb5+ axb5 34. Rxb5 (34. Rg1 Rg6 $14) 34...
Nxg5+ 35. Bxg5 Rxg5 36. Rb6+ Kd7 37. Rb7+ Ke8 38. Rb8+ Rxb8 39. Rxb8+ Kd7 40.
Rb7+ Kd8 41. c4 Rg4+ 42. Kd3 Rg1 43. Kd4 Re1 44. Ra7 Re2 45. Ra8+ (45. Kc5 $11
Rxe5+ 46. Kc6 Ke8 47. Ra8+ Kf7 48. Ra1 Re2 49. Rc1 e5 50. c5 e4 51. Kd5) 45...
Kc7 46. Ra7+ Kd8 47. Ra3 Kc7 48. Re3 Rxe3 49. Kxe3 Kb6 50. Kd4 1/2-1/2

[Event "U14  EU Youth Champions"]
[Site "?"]
[Date "2018.08.09"]
[Round "9"]
[White "Bounlom, Yannik"]
[Black "Colbow, Collin"]
[Result "0-1"]
[WhiteElo "1856"]
[BlackElo "2136"]
[Annotator "Colbow"]
[PlyCount "66"]
[EventDate "2018.??.??"]

1. e4 c5 2. Nf3 d6 3. d4 cxd4 4. Nxd4 Nf6 5. Nc3 a6 (5... g6) 6. Bg5 e6 7. f4
h6 (7... Be7) 8. Bh4 Be7 (8... Qb6) 9. Qf3 Qc7 10. O-O-O Nbd7 11. Bd3 (11. g4
g5 12. fxg5 Ne5 13. Qg3 Nfxg4 14. gxh6 Bxh4 15. Qxh4 Qe7 16. Qg3 Qg5+ 17. Kb1
Qe3) 11... g5 12. fxg5 Ne5 13. Qe2 Nfg4 14. Nf3 (14. h3 hxg5 15. hxg4 gxh4)
14... Nxf3 15. gxf3 hxg5 16. Bg3 Ne5 17. f4 gxf4 18. Bxf4 {[%cal Gh1g1,Gg1g8,
Gd1f1,Gf1f8]} b5 19. a3 (19. Bxe5 Bg5+ (19... dxe5) 20. Kb1 dxe5 {[%cal Gg5f4]}
) 19... Bb7 20. Kb1 Rc8 (20... O-O-O) 21. Rhf1 Nc4 22. Bxc4 Qxc4 23. Qg2 (23.
Qxc4 Rxc4 24. Bxd6 Bxe4 25. Nxe4 Rxe4 26. Bg3 f5 {[%csl Ge6,Gf5]}) 23... b4 24.
axb4 Qxb4 25. Qg7 {[%cal Gg7c3]} Rf8 26. h4 (26. Rd3 e5) 26... e5 27. Bd2 Bxe4
28. Qg3 Qb3 29. Nxe4 (29. Rc1 Rb8) 29... Qxc2+ 30. Ka1 Qxe4 31. h5 (31. Rc1 Rb8
32. Qa3) 31... Rc4 32. b3 Rc2 33. Bh6 (33. Qe3 Qxe3 34. Bxe3 Rc3) 33... Qe2 0-1

[Event "Belgian Club Competition"]
[Site "?"]
[Date "2018.10.07"]
[Round "2"]
[White "Ikonnikov, V..."]
[Black "Werle, J..."]
[Result "0-1"]
[WhiteElo "2550"]
[BlackElo "2527"]
[Annotator "Jan Werle"]
[PlyCount "62"]
[EventDate "2018.??.??"]

1. d4 Nf6 2. c4 e6 3. Nf3 d5 4. Nc3 Bb4 5. Bg5 dxc4 6. e4 h6 7. Bxf6 Qxf6 8.
Bxc4 O-O 9. e5 Qd8 10. O-O c5 11. d5 Bxc3 12. bxc3 exd5 13. Qxd5 (13. Bxd5 Nc6
14. Re1 Bf5 15. h3 Qd7 $11) 13... Qxd5 14. Bxd5 {[#] I assume that when one
would ask 10 club players who is better in this position, 9 would definitely
answer that white is, as a result of its better development. Most remarkably,
it's black who has the better (practical) chances. The white pawn majority on
the kingside is blocked, and black has the opportunity to create a far passed
pawn on the queenside. I found inspiration by a classical game of Capablanca
with the same pawn structure, to be analyzed in my new book.} Nd7 (14... Nc6
15. Rab1 Rd8 16. Be4 a6 $1 {in order to prevent Rb1-b5} 17. Bxc6 bxc6 $11 {
The bishop is just too strong on f5 or e6 and the pawn majority of white is of
no value.}) 15. a4 Nb6 16. Be4 Rb8 $1 {consolidating, not hurrying.} 17. a5 Nc4
18. Rfb1 b5 19. axb6 axb6 20. Ra7 (20. Bd5 $5 Be6 21. Bxe6 fxe6 $15) 20... Be6
21. h3 Rfd8 22. Rba1 $2 {[#]} b5 {now that I am fully mobilized, I will
commence with the march of the b-pawn.This little fellow is unstoppable.} 23.
Kf1 b4 24. cxb4 cxb4 25. Ke2 b3 26. Rb1 Rb4 27. Bd3 Nb6 (27... Rxd3 28. Kxd3
Bf5+ 29. Kc3 Bxb1 30. Kxb4 b2 31. Ra8+ (31. Kc3 $2 Be4) 31... Kh7 32. Kc3 Be4
33. Rb8 b1=Q 34. Rxb1 Bxb1 35. Kxc4 $14) 28. Rb7 {[#]} Rxd3 29. Rb8+ Kh7 30.
Kxd3 Bf5+ 31. Kc3 Nd5+ 0-1

[Event "Aarhus Festuge GM 2018"]
[Site "Aarhus"]
[Date "2018.09.08"]
[Round "1"]
[White "Antonsen, Mikkel"]
[Black "Zumsande, Martin"]
[Result "0-1"]
[WhiteElo "2434"]
[BlackElo "2458"]
[Annotator "Matthias Krallmann"]
[PlyCount "82"]
[EventDate "2018.09.08"]
[EventType "tourn"]
[EventCountry "DEN"]
[SourceTitle "playchess.com"]
[Source "ChessBase"]
[SourceQuality "1"]

{[%evp 15,82,20,27,0,15,14,16,10,11,-10,-15,-13,-8,-25,-24,-32,-35,-52,-43,-45,
-43,-58,-32,-52,-36,-64,-65,-60,-76,-97,-100,-91,-91,-211,-195,-187,-185,-458,
-296,-308,-287,-303,-303,-278,-227,-356,-367,-357,-336,-376,-367,-352,-290,
-460,-442,-746,-597,-682,-669,-744,-734,-743,-739,-729,-727,-928,-577,-560,
-543]} 1. d4 d5 2. Nf3 Nf6 3. c4 e6 4. Bg5 Be7 5. e3 h6 6. Bxf6 Bxf6 7. Qc2 c6
8. Nc3 Nd7 {[%cal Bb8d7,Bd7b6,Bb6c4][%mdl 32]} 9. cxd5 (9. h4 g6 10. O-O-O Bg7
11. e4 dxc4 12. e5 O-O 13. Ne4 c5 14. h5 cxd4 15. hxg6 fxg6 16. Rxd4 {1-0 (32)
Salem,A (2638)-Bacrot,E (2725) Riadh 2017}) 9... cxd5 10. Bd3 $146 (10. Be2 a6
11. O-O O-O 12. Rac1 b5 13. a4 b4 14. Nb1 a5 15. Nbd2 Nb6 16. b3 Bd7 17. Qb2 {
1/2-1/2 (17) Bisguier,A-Benko,P New York,NY 1969}) 10... Nb6 11. O-O Bd7 12. e4
Rc8 13. e5 Be7 14. Qe2 Nc4 15. b3 (15. Rfc1 O-O 16. Nd1 Qb6 17. Rc3 Na5 18.
Rac1 Rxc3 19. Rxc3 Rc8 $11) 15... Na3 16. Nb1 Qa5 17. Nxa3 Bxa3 18. Ne1 O-O 19.
f4 Qb6 20. Nf3 Rc3 21. g4 Rfc8 22. f5 Bc1 $17 23. Kh1 a6 24. f6 (24. fxe6 Bxe6
25. Bf5 h5 26. Qg2 hxg4 27. Qxg4 Bxf5 28. Qxf5 Qe6 $17) 24... Bb5 25. Bxb5 Qxb5
26. Qg2 $2 {[#]} (26. Qxb5 axb5 27. fxg7 Kxg7 $17) 26... g6 (26... Rc2 27. Qh3
Bf4 28. fxg7 R8c3 $19) 27. Rd1 Rc2 28. Qf1 Qxf1+ 29. Rxf1 b5 {[%cal Bb7b5,
Bb5b4][%mdl 32]} 30. a4 b4 31. Ne1 R2c3 32. Rb1 Be3 33. Nf3 g5 {[%cal Bg6g5,
Bg5h4][%mdl 32]} 34. h4 (34. Rfd1) 34... gxh4 35. Kg2 Bg5 36. Rb2 a5 37. Rff2
Kh7 38. Rf1 Rd3 39. Rh1 Rcc3 40. Nxh4 Bxh4 41. Rxh4 Rxd4 0-1

[Event "Aarhus Festuge GM 2018"]
[Site "?"]
[Date "2018.09.11"]
[Round "4.4"]
[White "Zumsande, Martin"]
[Black "Chatalbashev, Boris"]
[Result "1-0"]
[WhiteElo "2458"]
[BlackElo "2546"]
[Annotator "Martin Zumsande"]
[PlyCount "83"]
[EventDate "2018.??.??"]
[WhiteClock "0:02:53"]
[BlackClock "0:04:32"]

1. e4 g6 2. d4 Bg7 3. Nc3 d6 {Mein Gegner spielt Pirc nicht wie viele andere
starke Spieler als gelegentliche Überraschungswaffe, sondern es ist seine
häufigste Antwort auf e4.} 4. f4 Nf6 5. Nf3 O-O 6. e5 {Das erste Mal seit
langem, dass ich hier etwas anderes als 6. Le2 spiele. Aus einer Partie gegen
GM Santos Latasa wenige Monate zuvor hatte ich den Schluss gezogen, dass die
Stellungen nach c5 mit offenem sizilianischem Charakter für einen
c3-Sizilianisch Spieler wie mich nicht geeignet sind.} (6. Be2 c5 7. dxc5 Qa5
8. O-O Qxc5+ 9. Kh1 {so spielte ich sonst immer.}) 6... Nfd7 {[#]} 7. Bc4 {
7. h4 ist der Hauptzug, mit langen forcierten Varianten. Zu dem Textzug gibt
es weit weniger Theorie, er ist aber keineswegs schlecht.} (7. h4) 7... Nb6 (
7... c5 $2 {wurde des Öfteren gespielt, wird aber von der Engine widerlegt.
Die kritische Variante ist} 8. e6 Nb6 9. exf7+ Kh8 10. h4 $1 Nxc4 11. h5 Bf5
12. hxg6 Bxg6 13. f5 Bxf5 14. Ng5 Qd7 15. Qh5 h6 16. d5 $1 $18 {und gegen Se6
nebst Lxh6 ist Schwarz machtlos.}) 8. Bb3 Nc6 9. a4 {Die Alternative 9.0-0 ist
ebenfalls interessant. Da mein Gegner damit wenige Wochen vorher konfrontiert
wurde, habe ich mich in der Vorbereitung dazu entschieden, den Läufer zu
behalten.} (9. O-O Na5 10. Qe2 Nxb3 11. axb3) 9... Na5 10. Ba2 dxe5 {Es ist am
prinzpiellsten, direkt das Zentrum anzugreifen, zuvor hatte mein Gegner einmal
Lf5 gespielt.} (10... Bg4 11. h3 Bxf3 12. Qxf3 Qd7 $14) (10... Bf5 11. O-O c5
12. dxc5 dxc5 13. Qe2 $14 {Karpatchev - Chatalbashev, Lüneburg 2013}) 11. fxe5
(11. dxe5 Qxd1+ 12. Nxd1 Rd8 {und Schwarz hat keine Probleme}) 11... c5 {[#]}
12. d5 $6 {Ein riskanter Zug, da das Bauernzentrum schwach werden kann. Weiß
hat allerdings einige taktische Ressourcen, die den sofortigen Gewinn von e5
erschweren.} (12. dxc5 $1 {wird von der Engine bevorzugt, und offenbar wiegt
das Motiv b4 nach Sbc4 im Zusammenspiel mit der Schwäche f7 stärker als der
schwarze Entwicklungsvorsprung. Am Brett war das für mich nicht zu
überblicken.} Qxd1+ (12... Nbc4 13. Qxd8 Rxd8 14. O-O Bg4 15. Ng5 $1) 13. Nxd1
Nbc4 14. b4 (14. Ne3 $6 {Kardoeus - Steingräber, Bremen 2012}) 14... Nxe5 15.
Nxe5 Bxe5 16. Bb2 Nc6 17. Bxe5 Nxe5 $14) 12... Bg4 13. Bf4 Nd7 14. Qe2 Bxf3 (
14... Qb8 {erlaubt 0-0, und dank Tf3-e3 verliert Weiß keinen Bauern und kann
auf Vorteil hoffen:} 15. O-O Bxf3 16. Rxf3 Bxe5 17. Bxe5 Qxe5 18. Qxe5 Nxe5 19.
Re3 Nec4 20. Bxc4 Nxc4 21. Rxe7 $14) (14... Qb6 $1 {Diese dynamische
Fortsetzung hier oder im nächsten Zug war die beste Möglichkeit für Schwarz.
Schwarz möchte c4, Tfd8 spielen und hat gutes Spiel gegen das exponierte
Bauernzentrum.} 15. O-O (15. O-O-O Qb4 $1 16. Bg3 Nb6) 15... c4+ 16. Be3 {
mit sehr komplizierter Stellung}) 15. gxf3 Qb8 $2 {Der falsche Plan, denn der
sofortige Gewinn von e5 mit Lxe5 scheitert aus taktischen Gründen, wohingegen
nach Sxe5 Weiß starkes Spiel gegen den gefesselten Springer hat.} (15... Qb6
$1) 16. O-O-O $1 $16 {[#]} (16. d6 exd6 17. e6 Ne5 18. Bxe5 Bxe5 19. exf7+ Kg7
{und Schwarz bekommt Gegenspiel auf den schwarzen Feldern}) 16... Nxe5 $2 (
16... Bxe5 17. Bxe5 Qxe5 $2 {verliert forciert:} 18. Qb5 $1 Qc7 19. d6 exd6 20.
Nd5 Qd8 21. Qxd7 Qxd7 22. Nf6+ $18) (16... c4 17. Rhe1 {führt auch zu weißem
Vorteil, bietet aber noch die besten Chancen}) 17. Bg3 {Die Entscheidung, ob
ich die Drohung Sd3+ mit Lg3 oder Kb1 soll, fiel mir hier sehr schwer. Nach
ersterem Zug entfällt der Plan des sofortigen h4-h5 wegen Sd3+, dafür
erhalte ich die Möglichkeit f4-f5. Ich habe letztlich mehr oder weniger
zufällig entschieden um nicht zu viel Zeit zu verlieren.} (17. Kb1 c4 18. Rde1
f6 19. h4 {war die Variante, an der ich lange rechnete. Hier erhält Schwarz
mit b5! gefährliches Gegenspiel, was ich nicht sah.} b5 $1 20. axb5 a6 $13)
17... c4 18. Rhe1 f6 19. f4 Nf7 20. f5 (20. Qxe7 f5 {hatte ich wegen des
Gegenspiels auf der langen Diagonale abgelehnt, ist aber objektiv auch sehr
gut für Weiß.} 21. Qb4 $1 b6 22. d6 $18) 20... Ne5 21. fxg6 hxg6 22. Qg2 {
Auch wenn der Computer seit dem 16. Zug Weiß in großem Vorteil sieht, war
ich mir erst hier sicher, dass ich fast auf Gewinn stehe. Die Dame steht sehr
gut auf g2, da sie zum einen g6 angreift, zum anderen d6 und Dd5+ mit
Figurengewinn droht.} Qd6 (22... Qe8 23. Bxe5 fxe5 24. d6 e6 25. Ne4 {mit
großem weißen Vorteil wäre noch das beste gewesen.}) 23. Bxe5 fxe5 24. Ne4
Qd7 {[#]} 25. d6 $1 $18 (25. Qxg6 Qf5 {verschafft Schwarz unnötigerweise
etwas Befreiung}) 25... Qxa4 26. Kb1 exd6 27. Rxd6 Rad8 28. Rxg6 Qd7 {[#]} 29.
Bxc4+ $1 {Dieses Figurenopfer verhindert das Grundreihenmatt und gewinnt
forciert die Dame.} Nxc4 30. Rg1 Rf7 31. Nf6+ Kf8 32. Nxd7+ Rdxd7 33. Qg3 Nd2+
34. Kc1 Nc4 35. Qh4 Rd4 36. Qg5 Rdd7 37. h4 b6 38. h5 e4 39. c3 Ne5 40. h6 Nxg6
41. hxg7+ Rxg7 42. Qf6+ 1-0

[Event "Aarhus Festuge GM 2018"]
[Site "Aarhus"]
[Date "2018.09.13"]
[Round "6"]
[White "Kotronias, Vasilios"]
[Black "Zumsande, Martin"]
[Result "0-1"]
[WhiteElo "2505"]
[BlackElo "2458"]
[Annotator "Matthias Krallmann"]
[PlyCount "100"]
[EventDate "2018.09.08"]
[EventType "tourn"]
[EventCountry "DEN"]
[SourceTitle "playchess.com"]
[Source "ChessBase"]
[SourceQuality "1"]

{[%evp 25,100,17,22,0,39,-6,0,14,4,0,24,28,14,18,32,-205,-201,-186,-182,-202,
-83,-125,-17,-15,-58,-63,-55,-103,-69,-49,-39,-300,-27,-31,-32,-32,-26,-43,-39,
-442,-427,-827,-800,-896,-895,-863,-805,-829,-802,-948,-1112,-1077,-842,-1007,
-750,-672,-620,-620,-573,-676,-659,-697,-697,-677,-641,-683,-666,-804,-772,
-717,-783,-938,-992,-1622,-1436,-1506,-1536]} 1. e4 e6 2. d4 d5 3. Nd2 Be7 4.
Ngf3 Nf6 5. e5 Nfd7 6. Bd3 c5 7. c3 Nc6 8. O-O a5 9. a4 (9. Re1 cxd4 10. cxd4
Qb6 11. a4 Nxd4 12. Nxd4 Qxd4 13. Nf3 Qb6 14. Be3 Nc5 15. Bb5+ Bd7 16. Nd4 Bxb5
17. Nxb5 O-O 18. Qg4 Rfc8 {0-1 (33) Naroditsky,D (2631)-So,W (2779) ICC INT
2015}) 9... cxd4 10. cxd4 Nb4 11. Bb1 b6 12. Re1 Ba6 13. Nf1 Rc8 14. Ra3 Rc6 {
[#]} 15. Rae3 $146 (15. Rc3 Qc7 16. Ree3 Nb8 {1-0 (33) Azarov,S (2580)-Salinas
Herrera,P (2464) Las Vegas 2015}) (15. h4 Qc7 16. Bd2 Nc2) 15... Qc7 16. Bd2 b5
17. h4 {[%cal Bh2h4,Bh4g5][%mdl 32]} Nb6 18. Ng5 Bxg5 $1 (18... bxa4 $6 19.
Nxf7 $1 {[%mdl 512]} Rf8 (19... Kxf7 20. Qh5+ Kg8 21. Rf3 Bf8 22. Bxb4 axb4 23.
Qe8 Qe7 24. Rxf8+ Qxf8 25. Qxc6 $18) 20. Nd6+ $1 {[%mdl 512]} Kd7 21. Bxh7 $16)
19. hxg5 bxa4 (19... Nxa4 20. Bxb4 axb4 21. Qd2) 20. Nh2 $2 (20. Rh3 Bxf1 (
20... Nc2 21. Bxc2 Rxc2 22. Bc3) (20... g6 21. Nh2) (20... Nc4 21. Bxb4 axb4
22. Qxa4) 21. Rxf1 g6 22. Rh4 Nc4 23. Bc1 $14) 20... Nc4 $1 $19 {[%csl Bb2,Be3]
} 21. Rh3 Nxb2 22. Qg4 g6 (22... N4d3 23. Rf1 g6 $17) 23. Qf4 {[#]} Nc2 $2 (
23... N2d3 $17 24. Qf6 (24. Bxd3 Nxd3 25. Qf6 Rf8 26. Ra1 Rc2 27. Nf1 a3 28.
Rxh7 a2 29. Rh8 Qe7 $17) 24... Rf8 25. Bxb4 axb4 $1 26. Bxd3 Rc1 27. Rxc1 Qxc1+
28. Nf1 Bxd3 29. Rxd3 a3 $19) (23... N4d3 24. Qf6 Rf8 25. Ree3 (25. Rxh7 Nxe1
26. Bxg6 a3 27. Bxf7+ Qxf7 28. Rxf7 Rxf7 29. Qh8+ Rf8 30. Qh5+ Ke7 31. Qh7+ Rf7
32. Qb1 Nc2 33. Bxa5 Nxd4 34. Bb4+ Ke8)) 24. Bxc2 $1 $11 Rxc2 25. Rb1 Be2 26.
Bc1 Nd3 {[#]} 27. Rxd3 $1 {[%mdl 512]} Bxd3 28. Ng4 $2 {[%mdl 8192] [#]} (28.
Ba3 $1 Rc3 29. Bd6 Bxb1 30. Bxc7 Rxc7 31. Ng4 $11 a3 32. Nf6+ Kf8 33. Nxd5 a2
34. Nxc7 a1=Q 35. Nxe6+ Kg8 36. Qf6 Bf5+ 37. Kh2) 28... Rc3 $2 (28... Rxf2 $1 {
[%mdl 512]} 29. Qxf2 Bxb1 $17) 29. Nf6+ Ke7 {[#]} 30. Nxd5+ $1 {[%mdl 512]}
exd5 31. Qf6+ Kd7 32. e6+ $2 {[%mdl 8192]} (32. Qxf7+ Kc8 33. Qe6+ Qd7 34. Rb8+
{[%mdl 512]} Kxb8 35. Qxd7 Rxc1+ 36. Kh2 Ba6 37. Qxd5 Bb7 38. Qxa5 Rc6 39. Qxa4
Rd8 40. f3 Re6 $15) 32... fxe6 $19 33. Bf4 {[#]} (33. Qf7+ $142 Kc8 34. Qxe6+
Qd7 35. Rb8+ $1 {[%mdl 512]} Kxb8 36. Qxd7 Rxc1+ 37. Kh2 Rb1 38. Qxd5 Rc8 39.
Qxa5 Rc4 40. d5 Bf5 41. Qa6 Rbb4 $19) 33... Qxf4 $1 34. Qxf4 Bxb1 $19 35. Qf7+
Kd6 36. Qf4+ Kc6 37. Qf6 Rc8 38. Qxe6+ Kb7 39. Qxd5+ Kb6 40. Qd6+ R3c6 41. Qa3
Be4 42. Qxa4 Bd5 43. Kh2 R8c7 44. Qa3 Ka6 45. f3 Rd7 46. Qd3+ Bc4 47. Qe4 Rcd6
48. f4 a4 49. Qa8+ Kb5 50. Qb8+ Ka5 0-1

[Event "Xtracon Chess Open 2018"]
[Site "Elsinore"]
[Date "2018.07.23"]
[Round "4"]
[White "Colbow, Collin"]
[Black "Ramsdal, Jens Albert"]
[Result "1-0"]
[WhiteElo "2055"]
[BlackElo "2259"]
[PlyCount "61"]
[EventDate "2018.07.21"]
[EventRounds "10"]

1. e4 c5 2. Nf3 e6 3. d4 cxd4 4. Nxd4 Nc6 5. Nc3 Qc7 6. Be2 a6 7. Be3 Nf6 8. a3
Be7 9. f4 d6 10. g4 b5 11. g5 Nd7 12. Nxc6 Qxc6 13. Qd4 e5 14. Qd2 Nc5 15.
O-O-O Bb7 16. Bf3 a5 17. Be2 O-O 18. Bxb5 Qc7 19. Qg2 f5 20. gxf6 Bxf6 21. f5
Kh8 22. Nd5 Bxd5 23. Rxd5 Nb3+ 24. Kb1 Nd4 25. Bxd4 exd4 26. Qg3 Be5 27. Qd3
Qb7 28. Qb3 Rab8 29. a4 Rf6 30. Bc4 Qa8 31. Rxa5 1-0

[Event "Xtracon Chess Open 2018"]
[Site "Elsinore"]
[Date "2018.07.24"]
[Round "5"]
[White "Thogersen, Rasmus"]
[Black "Colbow, Collin"]
[Result "1/2-1/2"]
[WhiteElo "2297"]
[BlackElo "2055"]
[PlyCount "42"]
[EventDate "2018.07.21"]
[EventRounds "10"]

1. e4 e5 2. Nf3 Nc6 3. Bc4 Bc5 4. O-O Nf6 5. d3 a6 6. c3 d6 7. h3 Ba7 8. Bb3 h6
9. Nbd2 g5 10. Nc4 g4 11. hxg4 Nxg4 12. Ne3 Rg8 13. Nh2 Qh4 14. Nhxg4 Bxg4 15.
Nxg4 Rxg4 16. Qf3 O-O-O 17. Bd1 Rg3 18. Qf5+ Kb8 19. Bf3 Ne7 20. Qxf7 Rdg8 21.
Be3 Rxg2+ 1/2-1/2

[Event "Xtracon Chess Open 2018"]
[Site "Elsinore"]
[Date "2018.07.25"]
[Round "6"]
[White "Colbow, Collin"]
[Black "Lammers, Markus"]
[Result "1/2-1/2"]
[WhiteElo "2055"]
[BlackElo "2293"]
[PlyCount "122"]
[EventDate "2018.07.21"]
[EventRounds "10"]

1. e4 e5 2. Nf3 Nf6 3. d4 Nxe4 4. Bd3 d5 5. Nxe5 Bd6 6. O-O O-O 7. c4 Bxe5 8.
dxe5 Nc6 9. cxd5 Qxd5 10. Qc2 Nb4 11. Bxe4 Nxc2 12. Bxd5 Bf5 13. g4 Bxg4 14.
Be4 Nxa1 15. Nc3 f5 16. exf6 Rae8 17. Bd2 Rxe4 18. Nxe4 Nc2 19. Bc3 Bf5 20.
fxg7 Rd8 21. Ng3 Bh3 22. Rc1 Nd4 23. f4 c5 24. Bxd4 cxd4 25. Rc7 Rd7 26. Rxd7
Bxd7 27. Kf2 Kxg7 28. Ke2 Bb5+ 29. Kf3 Bd3 30. f5 Kf6 31. Kf4 Bc2 32. a3 Bb1
33. Nh5+ Kf7 34. Ng3 Kf6 35. Nh5+ Ke7 36. Ng3 Kd6 37. Nf1 Kd5 38. Nd2 Bc2 39.
Nf3 a5 40. h4 Bd1 41. Ng5 h6 42. Nf7 h5 43. Ng5 Bc2 44. f6 Kd6 45. f7 Ke7 46.
Ne6 Kxf7 47. Nxd4 Bd1 48. Kg5 a4 49. Kf5 Ke7 50. Ke5 Kd7 51. Kd5 Ke7 52. Ke5
Bg4 53. Nb5 Bd7 54. Nd6 Bc6 55. Nf5+ Kf7 56. Nd4 Bd7 57. Kd6 Bh3 58. Ke5 Ke7
59. Nb5 Bd7 60. Nc3 Bc6 61. Ne2 Be8 1/2-1/2